[Event "Paracin Winter IM"]
[Site "Paracin"]
[Date "2020.02.01"]
[Round "3"]
[White "Sarvadh, Sathiaram"]
[Black "Ristic, Luka"]
[Result "0-1"]
[WhiteElo "2150"]
[BlackElo "2212"]
[PlyCount "98"]
[EventDate "2020.01.31"]
[EventType "tourn"]
[EventRounds "9"]
[EventCountry "SRB"]
[EventCategory "1"]
[SourceTitle "CBM 194 Extra"]
[Source "ChessBase"]
[SourceDate "2020.03.31"]
[SourceVersion "1"]
[SourceVersionDate "2020.03.31"]
[SourceQuality "1"]

1. e4 c5 2. Nf3 d6 3. d4 cxd4 4. Nxd4 Nf6 5. Nc3 a6 6. h3 e5 7. Nde2 Be6 8. g4 d5 9. exd5 Nxd5 10. Bg2 Nxc3 11. Qxd8+ Kxd8 12. Nxc3 Nc6 13. Be3 Bb4 14. 0-0 Bxc3 15. Bb6+ Ke7 16. bxc3 Rac8 17. Rfd1 f6 18. Bc5+ Kf7 19. Rab1 b5 20. a4 Na5 21. axb5 Rxc5 22. bxa6 Rc7 23. Rb5 Nc6 24. Rc5 Rhc8 25. Rb1 Na7 26. Rxc7+ Rxc7 27. Rb8 Bc4 28. Bb7 Be6 29. c4 Ke7 30. c5 Rxc5 31. Ra8 Nc8 32. a7 Nxa7 33. Rxa7 Rc7 34. Kg2 Bc8 35. Bxc8 Rxa7 36. Bf5 g6 37. Bd3 Ke6 38. h4 f5 39. h5 e4 40. Bc4+ Ke5 41. hxg6 hxg6 42. gxf5 gxf5 43. Kf1 Rc7 44. Bb3 Rc3 45. Ke2 Kd4 46. Kd1 f4 47. Bf7 f3 48. Bg6 e3 49. Ke1 Ra3 0-1

[Event "Staufer op 32nd"]
[Site "Schwaebisch Gmuend"]
[Date "2020.01.03"]
[Round "3"]
[White "Sarvadh, Sathiaram"]
[Black "Soham, Das1111"]
[Result "1/2-1/2"]
[WhiteElo "2150"]
[BlackElo "2355"]
[PlyCount "38"]
[EventDate "2020.01.02"]
[EventType "swiss"]
[EventRounds "9"]
[EventCountry "GER"]
[SourceTitle "CBM 194 Extra"]
[Source "ChessBase"]
[SourceDate "2020.03.31"]
[SourceVersion "1"]
[SourceVersionDate "2020.03.31"]
[SourceQuality "1"]

1. e4 e6 2. d4 d5 3. Nc3 Bb4 4. Nge2 dxe4 5. a3 Bxc3+ 6. Nxc3 Nc6 7. d5 exd5 8. Qxd5 Be6 9. Qxe4 Nf6 10. Qh4 Qe7 11. Be2 0-0-0 12. Bg5 Bf5 13. 0-0 Bxc2 14. Rfe1 Qd7 15. Bb5 a6 16. Bxc6 Qxc6 17. Rac1 Rhe8 18. Rxe8 Rxe8 19. h3 Qd6 1/2-1/2

[Event "Innsbruck op 3rd"]
[Site "Innsbruck"]
[Date "2019.09.01"]
[Round "9"]
[White "Sucher, Johannes"]
[Black "Sarvadh, Sathiaram"]
[Result "0-1"]
[WhiteElo "2105"]
[BlackElo "2239"]
[PlyCount "84"]
[EventDate "2019.08.25"]
[EventType "swiss"]
[EventRounds "9"]
[EventCountry "AUT"]
[SourceTitle "EXT 2020"]
[Source "ChessBase"]
[SourceDate "2019.10.17"]
[SourceVersion "1"]
[SourceVersionDate "2019.10.17"]
[SourceQuality "1"]

1. g3 e5 2. Bg2 d5 3. c4 Nf6 4. cxd5 Nxd5 5. Nc3 Be6 6. d4 exd4 7. Qxd4 Nc6 8. Qa4 Bb4 9. Bd2 0-0 10. 0-0-0 Bxc3 11. bxc3 Qf6 12. Bxd5 Bxd5 13. e4 b5 14. Qc2 Nb4 15. cxb4 Qa1+ 16. Qb1 Qxb1+ 17. Kxb1 Bxe4+ 18. Kc1 Bxh1 19. f3 Rad8 20. Rf1 Rfe8 21. Kc2 f6 22. Rf2 g5 23. h3 Rd4 24. Rh2 Red8 25. Bc3 Rc4 26. Rxh1 a5 27. Kb2 axb4 28. Bxf6 Rd2+ 29. Kb1 Rd1+ 30. Kb2 Rcc1 31. Bd4 Rb1+ 32. Kc2 Rdc1+ 33. Kd2 c5 34. Be3 c4 35. h4 c3+ 36. Kd3 Rd1+ 37. Kc2 Re1 38. hxg5 Rb2+ 39. Kd3 c2 40. Ne2 Rxh1 41. Nc1 Rxc1 42. Bxc1 Rxa2 0-1

[Event "Innsbruck op 3rd"]
[Site "Innsbruck"]
[Date "2019.08.28"]
[Round "5"]
[White "Kienboeck, Benjamin"]
[Black "Sarvadh, Sathiaram"]
[Result "1-0"]
[WhiteElo "1853"]
[BlackElo "2239"]
[PlyCount "55"]
[EventDate "2019.08.25"]
[EventType "swiss"]
[EventRounds "9"]
[EventCountry "AUT"]
[SourceTitle "EXT 2020"]
[Source "ChessBase"]
[SourceDate "2019.10.17"]
[SourceVersion "1"]
[SourceVersionDate "2019.10.17"]
[SourceQuality "1"]

1. e4 e6 2. d4 d5 3. Nc3 Nf6 4. e5 Nfd7 5. Nce2 c5 6. c3 Nc6 7. Nf3 Be7 8. Nf4 0-0 9. a3 a5 10. Bd3 b6 11. h4 h6 12. Bb1 Re8 13. Qc2 Nf8 14. Qd2 cxd4 15. cxd4 Qc7 16. Kf1 f6 17. Nh5 fxe5 18. Nxg7 Rd8 19. Rh3 e4 20. Qxh6 Bd6 21. Nh5 exf3 22. Rxf3 Nxd4 23. Nf6+ Kf7 24. Qh5+ Ke7 25. Nxd5+ Kd7 26. Rf7+ Kc6 27. Nxc7 Bxc7 28. Be4+ 1-0

[Event "Spilimbergo op 17th"]
[Site "Spilimbergo"]
[Date "2019.08.09"]
[Round "1"]
[White "Brunello, Sabino"]
[Black "Sarvadh, Sathiaram"]
[Result "1-0"]
[WhiteElo "2556"]
[BlackElo "2239"]
[PlyCount "75"]
[EventDate "2019.08.09"]
[EventType "swiss"]
[EventRounds "9"]
[EventCountry "ITA"]
[SourceTitle "CBM 191 Extra"]
[Source "ChessBase"]
[SourceDate "2019.09.30"]
[SourceVersion "1"]
[SourceVersionDate "2019.09.30"]
[SourceQuality "1"]

1. d4 Nf6 2. c4 g6 3. Nc3 d5 4. cxd5 Nxd5 5. e4 Nxc3 6. bxc3 Bg7 7. Qa4+ Qd7 8. Bb5 c6 9. Be2 0-0 10. Qa3 b6 11. Nf3 Bb7 12. 0-0 Qc7 13. Bg5 Re8 14. Rad1 e6 15. Rfe1 Bf8 16. Qc1 Nd7 17. h4 f6 18. Bf4 Qd8 19. e5 f5 20. c4 Rc8 21. h5 Be7 22. c5 Nf8 23. hxg6 hxg6 24. Bc4 Qc7 25. Qe3 Rcd8 26. g4 bxc5 27. dxc5 Rxd1 28. Rxd1 fxg4 29. Nh2 Rd8 30. Rd6 Bc8 31. Nxg4 Nh7 32. Kg2 g5 33. Bg3 Rf8 34. Qe4 Bxd6 35. exd6 Qd7 36. Qg6+ Qg7 37. Bxe6+ Bxe6 38. Qxe6+ 1-0

[Event "Bay Area op"]
[Site "Burlingame"]
[Date "2019.01.07"]
[Round "9"]
[White "Kondakov, Adrian"]
[Black "Sarvadh, Sathiaram"]
[Result "0-1"]
[WhiteElo "2018"]
[BlackElo "2046"]
[PlyCount "116"]
[EventDate "2019.01.01"]
[EventType "swiss"]
[EventRounds "9"]
[EventCountry "USA"]
[SourceTitle "CBM 188 Extra"]
[Source "ChessBase"]
[SourceDate "2019.02.26"]
[SourceVersion "1"]
[SourceVersionDate "2019.02.26"]
[SourceQuality "1"]

1. e4 e5 2. Nf3 Nc6 3. Bc4 Nf6 4. d3 Bc5 5. 0-0 d6 6. c3 a6 7. Bb3 Ba7 8. Nbd2 0-0 9. h3 Be6 10. Re1 h6 11. Nf1 Re8 12. Ng3 Qd7 13. Qe2 Ne7 14. Kh2 Ng6 15. Be3 Nf4 16. Bxf4 exf4 17. Nf1 Bxb3 18. axb3 g5 19. N1d2 d5 20. e5 g4 21. Nh4 Bxf2 22. Rf1 Bg3+ 23. Kh1 Bxh4 24. Rxf4 Bg5 25. Rff1 Nh5 26. Qf2 Bxd2 27. Qxd2 Ng3+ 28. Kg1 Nxf1 29. Qxh6 Qe6 30. Qg5+ Qg6 31. Qxg6+ fxg6 32. Rxf1 Rxe5 33. hxg4 Rf8 34. Rxf8+ Kxf8 35. Kf2 g5 36. g3 Ke7 37. b4 Ke6 38. b3 d4 39. cxd4 Rb5 40. Ke3 Rxb4 41. Ke4 c6 42. Ke3 Rxb3 43. d5+ cxd5 44. Kd4 Rxd3+ 45. Kxd3 b5 46. Kd4 b4 47. Kd3 a5 48. Kd4 b3 49. Kc3 a4 50. Kb2 d4 51. Kc1 a3 52. Kb1 d3 53. Kc1 Kd5 54. Kd2 Kd4 55. Ke1 Ke3 56. Kf1 d2 57. Kg2 d1Q 58. Kh2 Kf3 0-1

[Event "Bay Area op"]
[Site "Burlingame"]
[Date "2019.01.05"]
[Round "7"]
[White "Anderson, Michael Gene"]
[Black "Sarvadh, Sathiaram"]
[Result "1-0"]
[WhiteElo "1751"]
[BlackElo "2046"]
[PlyCount "57"]
[EventDate "2019.01.01"]
[EventType "swiss"]
[EventRounds "9"]
[EventCountry "USA"]
[SourceTitle "CBM 188 Extra"]
[Source "ChessBase"]
[SourceDate "2019.02.26"]
[SourceVersion "1"]
[SourceVersionDate "2019.02.26"]
[SourceQuality "1"]

1. e4 e6 2. d4 d5 3. Nc3 Bb4 4. e5 c5 5. Bd2 Ne7 6. Nb5 Bxd2+ 7. Qxd2 0-0 8. f4 cxd4 9. Nf3 Nbc6 10. Nbxd4 f6 11. 0-0-0 fxe5 12. fxe5 Ng6 13. Re1 Qb6 14. h4 Ngxe5 15. Rxe5 Nxe5 16. Nxe5 Qd6 17. Ndf3 Bd7 18. Bd3 a6 19. Qg5 Rf6 20. Rh3 Raf8 21. Rg3 Qe7 22. Qh5 h6 23. Ng6 Qf7 24. Nfe5 Rxg6 25. Nxg6 Qf2 26. Nxf8 Be8 27. Qe5 Qg1+ 28. Kd2 Qf2+ 29. Be2 1-0

[Event "Bay Area op"]
[Site "Burlingame"]
[Date "2019.01.04"]
[Round "5"]
[White "MacKenzie, Dana N"]
[Black "Sarvadh, Sathiaram"]
[Result "1-0"]
[WhiteElo "2012"]
[BlackElo "2046"]
[PlyCount "81"]
[EventDate "2019.01.01"]
[EventType "swiss"]
[EventRounds "9"]
[EventCountry "USA"]
[SourceTitle "CBM 188 Extra"]
[Source "ChessBase"]
[SourceDate "2019.02.26"]
[SourceVersion "1"]
[SourceVersionDate "2019.02.26"]
[SourceQuality "1"]

1. e4 e5 2. f4 exf4 3. Bc4 Qh4+ 4. Kf1 d6 5. d4 Be6 6. Bb3 Nf6 7. Nf3 Qh6 8. Nc3 Nbd7 9. Qd3 0-0-0 10. Qb5 Nh5 11. Qg5 Bxb3 12. axb3 Ng3+ 13. Qxg3 fxg3 14. Bxh6 gxh6 15. hxg3 a6 16. Nh4 Re8 17. Nf5 Nf6 18. Rh4 h5 19. Re1 Rg8 20. Nd5 Nxd5 21. exd5 Rxe1+ 22. Kxe1 Rg5 23. Rf4 Kd7 24. Kf2 f6 25. b4 Ke8 26. c4 Kf7 27. Kf3 b6 28. Ke4 Rg4 29. Kf3 Rg5 30. Ke4 Rg6 31. Rf1 Rg4+ 32. Ke3 Kg6 33. Nh4+ Kf7 34. Nf5 h4 35. Rf4 Rg5 36. g4 h5 37. gxh5 Rxh5 38. Rf3 Kg6 39. Ke4 Kg5 40. Ra3 h3 41. Rg3# 1-0

[Event "Bayern-chI Bank Hofmann 22nd"]
[Site "Tegernsee"]
[Date "2018.11.03"]
[Round "8"]
[White "Sarvadh, Sathiaram"]
[Black "Souleidis, Georgios"]
[Result "0-1"]
[WhiteElo "2089"]
[BlackElo "2436"]
[PlyCount "92"]
[EventDate "2018.10.27"]
[EventType "swiss"]
[EventRounds "9"]
[EventCountry "GER"]
[SourceTitle "CBM 187 Extra"]
[Source "ChessBase"]
[SourceDate "2018.11.04"]
[SourceVersion "1"]
[SourceVersionDate "2018.11.04"]
[SourceQuality "1"]

1. e4 e6 2. d4 d5 3. Nc3 Nf6 4. Bg5 Be7 5. e5 Nfd7 6. h4 h6 7. Bxe7 Qxe7 8. f4 a6 9. Qg4 0-0 10. Bd3 c5 11. Nf3 Nc6 12. Rh3 cxd4 13. Ne2 f5 14. Qg6 Qf7 15. Qxf7+ Rxf7 16. Nfxd4 Nc5 17. Nxc6 bxc6 18. b4 Nxd3+ 19. Rxd3 a5 20. Nd4 axb4 21. Nxc6 Rc7 22. Nxb4 Rc4 23. c3 Rxf4 24. Rd4 Rxd4 25. cxd4 Ra3 26. Rc1 Bd7 27. Kf2 Bb5 28. Rc5 Be8 29. Rc1 g5 30. hxg5 hxg5 31. Rb1 f4 32. Rb3 Ra4 33. g3 fxg3+ 34. Kxg3 Kg7 35. a3 Kg6 36. Rf3 Kh5 37. Rc3 Bg6 38. Rb3 Bf5 39. Rc3 Be4 40. Rb3 g4 41. Nc6 Rc4 42. Nd8 Bf5 43. Rb6 Rc3+ 44. Kf2 g3+ 45. Kg1 Rc1+ 46. Kg2 Kg4 0-1

[Event "Bayern-chI Bank Hofmann 22nd"]
[Site "Tegernsee"]
[Date "2018.11.01"]
[Round "6"]
[White "Sarvadh, Sathiaram"]
[Black "Wacker, Peter"]
[Result "0-1"]
[WhiteElo "2089"]
[BlackElo "2313"]
[PlyCount "102"]
[EventDate "2018.10.27"]
[EventType "swiss"]
[EventRounds "9"]
[EventCountry "GER"]
[SourceTitle "CBM 187 Extra"]
[Source "ChessBase"]
[SourceDate "2018.11.04"]
[SourceVersion "1"]
[SourceVersionDate "2018.11.04"]
[SourceQuality "1"]

1. e4 e5 2. Nf3 Nc6 3. Bc4 Bc5 4. c3 Nf6 5. d4 exd4 6. e5 d5 7. Bb5 Ne4 8. cxd4 Bb6 9. h3 0-0 10. 0-0 Bd7 11. Ba4 f6 12. Nc3 Nxc3 13. bxc3 fxe5 14. Bxc6 Bxc6 15. Nxe5 Be8 16. Qg4 Qc8 17. Ba3 Rf6 18. f4 c5 19. Rad1 cxd4 20. cxd4 Ba4 21. Qxc8+ Rxc8 22. Rd2 Ba5 23. Rdf2 Bb6 24. Rd2 Bb5 25. Rf3 Re6 26. Bb4 Ree8 27. Rc3 Rxc3 28. Bxc3 Rc8 29. Bb2 Ba5 30. Rd1 Bb6 31. Rd2 g6 32. Ng4 Ba5 33. Rd1 Kg7 34. Rc1 Rxc1+ 35. Bxc1 Bc3 36. Be3 Bc4 37. a3 Bb2 38. a4 Bc3 39. Kf2 Bb3 40. Ke2 Bxa4 41. Kd3 Bb4 42. h4 Bd7 43. Ne5 Bf5+ 44. Ke2 h5 45. Bd2 Bd6 46. Ba5 Ba3 47. Kd2 b6 48. Bc3 Kf6 49. Ba1 Ke6 50. Kc3 Bc1 51. g3 Be3 0-1

[Event "Innsbruck op-A 2nd"]
[Site "Innsbruck"]
[Date "2018.08.26"]
[Round "2"]
[White "Ruff, Maximilian"]
[Black "Sarvadh, Sathiaram"]
[Result "1/2-1/2"]
[WhiteElo "2281"]
[BlackElo "2017"]
[PlyCount "82"]
[EventDate "2018.08.24"]
[EventType "swiss"]
[EventRounds "9"]
[EventCountry "AUT"]
[SourceTitle "CBM 186 Extra"]
[Source "ChessBase"]
[SourceDate "2018.08.24"]
[SourceVersion "1"]
[SourceVersionDate "2018.08.24"]
[SourceQuality "1"]

1. Nf3 Nf6 2. c4 g6 3. Nc3 d5 4. cxd5 Nxd5 5. Qb3 Nxc3 6. Qxc3 f6 7. d4 Bg7 8. e4 Be6 9. d5 Bf7 10. Ng5 0-0 11. Nxf7 Rxf7 12. Qb3 Nd7 13. Be3 b6 14. d6 exd6 15. Bc4 Qe8 16. 0-0 Kf8 17. Bxf7 Qxf7 18. Qxf7+ Kxf7 19. Rac1 Rc8 20. Rfd1 Ke6 21. b4 c5 22. Rd3 Ra8 23. Rcd1 Bf8 24. bxc5 bxc5 25. Bf4 Ne5 26. Rb3 h5 27. Rb7 Nc6 28. Kf1 g5 29. Be3 Rc8 30. h4 Be7 31. hxg5 fxg5 32. Ke2 a5 33. Rh1 h4 34. g3 Nd4+ 35. Bxd4 cxd4 36. gxh4 gxh4 37. Kd3 Rc3+ 38. Ke2 Rc2+ 39. Kd3 Rc3+ 40. Ke2 Rc2+ 41. Kd3 Rxf2 1/2-1/2

[Event "Innsbruck op-A 2nd"]
[Site "Innsbruck"]
[Date "2018.08.26"]
[Round "3"]
[White "Sarvadh, Sathiaram"]
[Black "Neuschmied, Siegfried"]
[Result "1/2-1/2"]
[WhiteElo "2017"]
[BlackElo "2284"]
[PlyCount "79"]
[EventDate "2018.08.24"]
[EventType "swiss"]
[EventRounds "9"]
[EventCountry "AUT"]
[SourceTitle "CBM 186 Extra"]
[Source "ChessBase"]
[SourceDate "2018.08.24"]
[SourceVersion "1"]
[SourceVersionDate "2018.08.24"]
[SourceQuality "1"]

1. e4 d6 2. d4 Nf6 3. Nc3 g6 4. f4 Bg7 5. Nf3 0-0 6. e5 dxe5 7. fxe5 Nd5 8. Bc4 Nb6 9. Bb3 Nc6 10. h3 Na5 11. Qe2 Nxb3 12. axb3 Nd5 13. Nxd5 Qxd5 14. c4 Qd8 15. Bf4 c6 16. Qd2 Qb6 17. Qe3 Qb4+ 18. Ke2 Be6 19. Rac1 a5 20. Rhd1 Rfd8 21. Ng5 a4 22. Nxe6 fxe6 23. Rd3 Rf8 24. Qd2 Qb6 25. Be3 axb3 26. Rcc3 Ra1 27. Rxb3 Qa6 28. Qc2 Qa4 29. Rdc3 c5 30. Rb5 Qa8 31. Qe4 cxd4 32. Bxd4 Qa4 33. Qc2 Qa8 34. Qe4 Rff1 35. Bf2 Qa4 36. Qc2 Qa6 37. Qe4 Qa4 38. Qc2 Qa8 39. Qe4 Qa4 40. Qc2 1/2-1/2

[Event "Ortisei Server24 op 4th"]
[Site "Ortisei"]
[Date "2018.06.17"]
[Round "2"]
[White "Sarvadh, Sathiaram"]
[Black "Wiesinger, Robert"]
[Result "0-1"]
[WhiteElo "1974"]
[BlackElo "2199"]
[PlyCount "94"]
[EventDate "2018.06.16"]
[EventType "tourn"]
[EventRounds "9"]
[EventCountry "ITA"]
[SourceTitle "CBM 185 Extra"]
[Source "ChessBase"]
[SourceDate "2018.07.29"]
[SourceVersion "1"]
[SourceVersionDate "2018.07.29"]
[SourceQuality "1"]

1. e4 e5 2. Nf3 Nc6 3. Bc4 Bc5 4. c3 Nf6 5. d4 exd4 6. e5 d5 7. Bb5 Ne4 8. cxd4 Bb6 9. h3 0-0 10. 0-0 Ne7 11. Be3 Ng6 12. Nc3 Bf5 13. Bd3 c6 14. Bxe4 Bxe4 15. Ng5 h6 16. Ngxe4 dxe4 17. Nxe4 Qd5 18. Nc3 Qd7 19. Qd2 Rad8 20. Rad1 Ne7 21. g4 Nd5 22. Ne4 f5 23. exf6 Nxf6 24. Ng3 Qd5 25. Bxh6 Ne4 26. Nxe4 Qxe4 27. Rfe1 Qh7 28. Bg5 Rxd4 29. Qc3 Rxd1 30. Rxd1 Bxf2+ 31. Kh2 Qe4 32. Rd7 Bd4 33. Qxd4 Qe2+ 34. Kg3 Qe1+ 35. Kg2 Qf1+ 36. Kh2 Qe2+ 37. Kg3 Qe1+ 38. Kg2 Qf1+ 39. Kh2 Rf2+ 40. Qxf2 Qxf2+ 41. Kh1 Qxb2 42. Rd2 Qe5 43. h4 Qe4+ 44. Kh2 Qxg4 45. Rd8+ Kh7 46. Rb8 Qe2+ 47. Kh1 c5 0-1

[Event "Hofheim Spring op 6th"]
[Site "Hofheim"]
[Date "2018.04.06"]
[Round "7"]
[White "Guelsen, Taylan"]
[Black "Sarvadh, Sathiaram"]
[Result "1-0"]
[WhiteElo "2144"]
[BlackElo "2022"]
[PlyCount "97"]
[EventDate "2018.04.03"]
[EventType "swiss"]
[EventRounds "9"]
[EventCountry "GER"]
[SourceTitle "CBM 183 Extra"]
[Source "ChessBase"]
[SourceDate "2018.04.19"]
[SourceVersion "1"]
[SourceVersionDate "2018.04.19"]
[SourceQuality "1"]

1. e4 e6 2. d3 d5 3. Nd2 c5 4. Ngf3 Nf6 5. g3 Nc6 6. Bg2 Be7 7. 0-0 Bd7 8. Re1 Qc7 9. Qe2 0-0-0 10. c3 Be8 11. a3 Nd7 12. b4 Bf6 13. Bb2 dxe4 14. Nxe4 Nde5 15. Nxc5 Nxf3+ 16. Bxf3 Be7 17. d4 Bxc5 18. dxc5 e5 19. Rad1 f6 20. Rxd8+ Nxd8 21. c4 Bf7 22. Bd5 Kb8 23. f4 exf4 24. Qe7 Ne6 25. Qxc7+ Kxc7 26. gxf4 Re8 27. Kf1 a5 28. Bc3 axb4 29. axb4 Nd8 30. Rxe8 Bxe8 31. Ke2 Bd7 32. Ke3 Ne6 33. h4 Nf8 34. b5 Ng6 35. Ba5+ Kc8 36. c6 bxc6 37. bxc6 Bf5 38. h5 Ne7 39. Bb4 Kd8 40. h6 g5 41. Bc3 Nxd5+ 42. cxd5 Ke7 43. fxg5 fxg5 44. Be5 Bh3 45. Kd4 Bf5 46. Kc5 g4 47. Bg3 Bc8 48. Bh4+ Ke8 49. Kd6 1-0